00660nam a2200205Ia 4500952014300000999001500143003000400158005001700162008004100179020001800220040000900238082001800247100002200265245003500287250001200322260005600334300000900390650001300399942004200412 00102ddc40708COMPUTER SCIENCEaMESbMEScCOMPd2019-02-20g465.00l0o005.43 NUT/Op33574r2019-02-20 00:00:00w2019-02-20yBKzGL32R1 c8991d8991OSt20201008132430.0190216s9999||||xx |||||||||||||| ||und|| a9788177589177 coclc a005.43bNUT/O aNutt, Gary 95483 0aOperating Systems /cGary Nutt a3rd Ed. bPearson Education International,aNew Delhi:c2008. a928p aComputer cBK2ddch005.43iNUT/Ok005.43mNUT/O